000 03089ngm a2200733 i 4500
001 991061509082506706
003 ES-BaIT
005 20251029125122.0
007 vd#csai|k
008 251029p20212020gw 101 vlger c
024 1 _a814337015893
028 4 2 _a758908
_bC Major Entertainment
033 0 0 _a2020----
_b6494
_cV4
035 _a(OCoLC)1286111291
035 _a(OCoLC)on1286111291
040 _aES-BaIT
_bcat
_erda
_cES-BaIT
080 _a793.4(086.8)
245 0 0 _a4 ;
_bLive /
_cA co-production of ORF, UNITEL, C Major Entertainment and ZDF in cooperation with Arte, Wiener Staatsoper and Wiener Staatsballett
246 3 _aFour
264 1 _aBerlin :
_bC Major Entertainment,
_c[2021]
264 4 _c© 2021
300 _a1 videodisc (101 min) +
_e1 llibret (15 pàgines)
336 _aimatge en moviment bidimensional
_btdi
_2rdacontent
337 _avídeo
_bv
_2rdamedia
338 _avideodisc
_bvd
_2rdacarrier
344 _adigital
_2rdatr
344 _bòptic
_2rdarm
344 _gestèreo
344 _gso envoltant
_2rdacpc
344 _hPCM
344 _hDTS 5.1
346 _bNTSC
_2rdabs
347 _afitxer vídeo
_2rdaft
347 _bBlu-ray
347 _etotes les regions
_2rdare
508 _a"Live": Coreografia: Hans van Manen ; música: Franz Liszt (Klavierwerke) ; figurinisme: Keso Decker ; il·luminació: Bert Dalhuysen ; càmara: Henk van Dijk ; direcció de TV: Myriam Hoyer
508 _a"4": Coreografia: Martin Schläpfer ; música: Gustav Mahler (Sinfonie Nr. 4) ; escenografia: Florain Etti ; figurinisme: Catherine Voeffray ; il·luminació Thomas Diek ; direcció de TV: Myriam Hoyer
511 1 _a"Live": Olga Esina, Marcos Menha (ballarins) ; Shino Takizawa (piano)
511 1 _a"4": Slavka Zamecnikova (Soprano) ; Wiener Staatsballett ; Orchester der Wiener Staatsoper ; Axel Kober (director d'orquestra)
518 _aEnregistrat en directe a la Wiener Staatsoper, el desembre de 2020
650 7 _aDansa clàssica
_xCoreografies
650 0 _aDansa filmada
700 1 _aSchläpfer, Martin
_d1959-
_ecoreògraf
700 1 _aManen, Hans van,
_d1932-
_ecoreògraf
700 1 _aMahler, Gustav,
_d1860-1911
_ecompositor
700 1 _aLiszt, Franz,
_d1811-1886
_ecompositor
700 1 _aEsina, Olga
_d1986-
_eballarí
700 1 _aMenha, Marcos,
_eballarí
700 1 _aKober, Axel
_d1970-
_edirector d'orquestra
700 1 2 _iAdaptació coreogràfica de (obra) :
_aLiszt, Franz,
_d1811-1886.
_tMusik für Klavier
700 1 2 _iAdaptació coreogràfica de (obra) :
_aMahler, Gustav,
_d 1860-1911. Sinfonien. Nr. 4. G-Dur
_tSinfonien.
_nNr. 4.
_rG-Dur
710 _aWiener Staatsoper.
_bBallett
710 _aWiener Staatsoper.
_bOrchester
710 2 _aObserver Research Foundation.
710 _aUnitel.
710 _aC Major Entertainment
710 _aZweites Deutsches Fernsehen.
710 2 _aArte (Firma)
730 0 2 _a Live (Coreografia : Manen)
_9167707
730 0 2 _a 4 (Coreografia : Schläpfer)
_9167708
908 _aCDMAE
940 _aOCLC
942 _2udc
_c5
999 _c136770
_d136770